Gritos (Record no. 44478)

MARC details
000 -Etiqueta do registo
Valores 00427nam a2200157 4500
100 ## - Dados gerais de processamento
Dados gerais 20250520 pory50
101 ## - Língua de publicação
Língua por
-- ing
102 ## - País de publicação
País PT
200 ## - Titulo e menção de responsabilidade
Título próprio Gritos
Título paralelo scream
Primeira menção de responsabilidade realiz. Wes Craven
Outras menções de responsabilidade David Arquette ; Neve Campbell , Courteney Fox ... [ et al]
210 ## - Publicação
Local de publicação [S.l.]
Nome do editor Miramax Films
Data de publicação [d. reg. 2000]
215 ## - Descrição física 
Paginação / Volumes 1 DVD
675 ## - CDU
Notação 82-312.4
801 ## - Fonte de origem
País PT
Regras de catalogação RPC
990 ## - Elementos KOHA
Tipo de documento Filme DVD
Holdings
Aquisição Empréstimo Código de barras Cota Permissão de empréstimo Tipo de documento Nota relativa ao exemplar
Biblioteca Escolar Doutor Hernâni Cidade Biblioteca Escolar Doutor Hernâni Cidade 80879 THR TERR CRA   Filme DVD 457 Filme de Terror / Thriller

Powered by Koha